Best country at each sport - Statistics

General Stats
  • This quiz has been taken 89 times
  • The average score is 16 of 20
Answer Stats
Hint Answer % Correct
Swimming United States
98%
Boxing United States
98%
Basketball United States
98%
Golf United States
98%
Ice Hockey Canada
96%
Football Germany | Brazil
95%
Handball France
92%
Formule 1 United Kingdom
89%
Volleyball Brazil
86%
Badminton China
85%
Rugby New Zealand
85%
Cricket Australia
83%
Sprinting Jamaica
79%
Field Hockey Netherlands
69%
Darts Netherlands
69%
Ice Skating Netherlands
69%
Tennis Serbia
62%
Baseball Cuba
55%
Water Polo Hungary
38%
cycling Slovenia
23%
No matching quizzes found
Score Distribution
Percent of People with Each Score
Percentile by Number Answered
Your Score History
You have not taken this quiz